"В путь за непознанным..." (Запись № 10826229)
[ простой вид ]
| 000 -МАРКЕР | |
|---|---|
| контрольное поле | 01954nam0a2200337 i 4500 |
| 001 - ИДЕНТИФИКАТОР ЗАПИСИ | |
| контрольное поле | RU\NLR\BIBL_A\011272642 |
| 005 - ИДЕНТИФИКАТОР ВЕРСИИ | |
| контрольное поле | 20241104122318.0 |
| 010 ## - МЕЖДУНАРОДНЫЙ СТАНДАРТНЫЙ НОМЕР КНИГИ (ISBN) | |
| Номер (ISBN) | 9785887360362 |
| Тираж | 170 |
| 021 ## - НОМЕР ГОСУДАРСТВЕННОЙ РЕГИСТРАЦИИ | |
| Код страны | Российская Федерация |
| Номер | 2016-84067 |
| Номер Листа государственной регистраци | 5493 |
| 035 ## - ДРУГИЕ СИСТЕМНЫЕ НОМЕРА | |
| Идентификатор записи | (NLR Aleph) 011272642 |
| 100 ## - ДАННЫЕ ОБЩЕЙ ОБРАБОТКИ | |
| Данные общей обработки | 20161115d2016 km y0rusy50 ca |
| 101 0# - ЯЗЫК РЕСУРСА | |
| Язык текста, звукозаписи и т.д. | русский |
| 102 ## - СТРАНА ПУБЛИКАЦИИ ИЛИ ПРОИЗВОДСТВА | |
| Страна публикации | Российская Федерация |
| 105 ## - ПОЛЕ КОДИРОВАННЫХ ДАННЫХ: ТЕКСТОВЫЕ МАТЕРИАЛЫ, МОНОГРАФИЧЕСКИЕ | |
| Кодированные данные о монографическом текстовом документе | y|||z|||100zy |
| 200 1# - ЗАГЛАВИЕ И СВЕДЕНИЯ ОБ ОТВЕТСТВЕННОСТИ | |
| Основное заглавие | "В путь за непознанным..." |
| Сведения, относящиеся к заглавию | материалы XXXIII Крашенинниковских чтений |
| 210 ## - ПУБЛИКАЦИЯ, РАСПРОСТРАНЕНИЕ И ДР. | |
| Место издания, распространения и т.д. | Петропавловск-Камчатский |
| Имя издателя, распространителя и т. д. | ККНБ |
| Дата издания, распространения и т.д. | 2016 |
| 215 ## - ФИЗИЧЕСКАЯ ХАРАКТЕРИСТИКА | |
| Специфическое обозначение материала и объем | 320, [1] с. |
| Размеры | 30 |
| Сопроводительный материал | 1 электр. опт. диск (CD-ROM) |
| 300 ## - ОБЩИЕ ПРИМЕЧАНИЯ | |
| Текст примечания | В надзаг.: М-во культуры Камч. края, Камч. краев. науч. б-ка им. С.П. Крашенинникова |
| 320 ## - ПРИМЕЧАНИЯ О НАЛИЧИИ В ДОКУМЕНТЕ БИБЛИОГРАФИИ / УКАЗАТЕЛЯ | |
| Текст примечания | Библиогр. в конце ст. |
| 607 ## - ГЕОГРАФИЧЕСКОЕ НАИМЕНОВАНИЕ КАК ПРЕДМЕТ | |
| Географическое наименование | Камчатка, полуостров (Северо-Восток Азиатской части РФ) |
| Формальный подзаголовок | Съезды, совещания и т.п |
| Тематический подзаголовок | Открытие и исследования |
| -- | История |
| Системный номер авторитетной/нормативной записи | 2243238 |
| Идентификатор авторитетной/нормативной записи | RU\NLR\AUTH\661345932 |
| 607 ## - ГЕОГРАФИЧЕСКОЕ НАИМЕНОВАНИЕ КАК ПРЕДМЕТ | |
| Географическое наименование | Камчатка, полуостров (Северо-Восток Азиатской части РФ) |
| Формальный подзаголовок | Съезды, совещания и т.п |
| Тематический подзаголовок | Историко-этнографические исследования |
| Системный номер авторитетной/нормативной записи | 2185065 |
| Идентификатор авторитетной/нормативной записи | RU\NLR\AUTH\6601550071 |
| 686 1# - ИНДЕКСЫ ДРУГИХ КЛАССИФИКАЦИЙ | |
| Индекс | Д890(2Р55-4Камч)02я431 |
| 686 1# - ИНДЕКСЫ ДРУГИХ КЛАССИФИКАЦИЙ | |
| Индекс | Т52(2Р55-4Камч)я431 |
| 686 1# - ИНДЕКСЫ ДРУГИХ КЛАССИФИКАЦИЙ | |
| Индекс | Т3(2Р-4Камч)я431 |
| 711 12 - НАИМЕНОВАНИЕ ОРГАНИЗАЦИИ - АЛЬТЕРНАТИВНАЯ ОТВЕТСТВЕННОСТЬ | |
| Начальный элемент ввода | Крашенинниковские чтения |
| Порядковый номер временной организации и / или порядковый номер ее части | 33 |
| Место проведения временной организации | Петропавловск-Камчатский |
| Дата проведения временной организации | 2016 |
| Системный номер авторитетной/нормативной записи | 538110 |
| Идентификатор авторитетной/нормативной записи | RU\NLR\AUTH\880436961 |
| 942 ## - ДОПОЛНИТЕЛЬНЫЕ ЭЛЕМЕНТЫ ЗАПИСИ (АБИС) | |
| Тип экземпляра АБИС | Книга |
| 980 ## - КОЛЛЕКЦИЯ | |
| Название коллекции | НБР |
Нет доступных экземпляров.